| 000 | 00795nam a2200145 a 4500 | ||
|---|---|---|---|
| 008 | 090811s2009 ||||||||||||||||| || u | ||
| 050 | _aZESCO(05) | ||
| 245 | 0 | 0 |
_aZESCO Newsletter: Kariba North extension officially launched _cZESCO Ltd |
| 260 |
_aLusaka _bZESCO Ltd _c2009 |
||
| 300 | _a24p. ;ill. | ||
| 350 | _a0.00 | ||
| 995 |
_aSPECIAL COLLECTIONS _D0.00 _e03004427 _FCBU-MAIN LIBRARY (Kitwe) _H1 _I0.00 _jZESCO(05)09B _M2 _UAVAILABLE _WAug 31, 2009 _yZ03004427 _ZZambiana Collection |
||
| 995 |
_aSPECIAL COLLECTIONS _D0.00 _e03004428 _FCBU-MAIN LIBRARY (Kitwe) _H1 _I0.00 _jZESCO(05)09/C _M3 _UAVAILABLE _WAug 31, 2009 _yZ03004428 _ZZambiana Collection |
||
| 995 |
_aSPECIAL COLLECTIONS _D0.00 _e03004384 _FCBU-MAIN LIBRARY (Kitwe) _H1 _I0.00 _jZESCO(05)09/A _M1 _UAVAILABLE _WAug 11, 2009 _yZ03004384 _ZZambiana Collection |
||
| 999 |
_c83440 _d83440 |
||